MDQL
is popping MORE tags! Check the
thread
!
Quizzes
Events
Quiz Creation
Community
Videos
Private Events
Remove Ads
Sign In
Join for FREE
Feedback
Dark Mode
Quiz Categories
Sports
Geography
Music
Movies
Television
Just For Fun
Miscellaneous
History
Literature
Language
Science
Gaming
Entertainment
Religion
Holiday
For Kids
Quiz Lab
Recent
Popular Today
Quiz Kudos Today
Editor Picks
Curator Picks
Quizzes by...
Day
Popularity
Type
Ratings
Length
Year
Community
Subscriptions
Recent Discussions
Orange Saloon
Badges
Playlists
Quests
Create
Leaderboards
Showdown
Live 5
Trivia Bingo
Activity
Puzzle Library
Sporcle Events
Private Events
Virtual Trivia
Globe League
Become a Host
Pub Owners
SporcleCon
Opinionation
Our Games
Videos
Blog
Mobile Apps
Partnerships
Remove Ads and Go Orange
Feedback
Movies
Disney
Marvel Cinematic Universe
Movie Resume
Movie Titles
Oscar
Actor
Actress
Director
Pixar
Role
Movie Quotes
Movie Characters
Box Office
Nominee
Best Picture
Star Wars
James Bond
Horror Movies
Movies
Disney
Marvel Cinematic Universe
Movie Resume
Movie Titles
Oscar
Actor
Actress
Director
Pixar
Role
Movie Quotes
Movie Characters
Box Office
Nominee
Best Picture
Star Wars
James Bond
Horror Movies
Random Quiz
Search Sporcle
×
Quiz Lab
Quiz Lab
Movies
Movie Titles
Type in answers that appear in a list
Type in answers that appear in a list
Classic
Best Score? Go Orange.
The The Movie Game Stats
Can you name the single words that complete the movie titles?
By
scottiek
5m
16 Questions
167 Plays
167 Plays
167 Plays
Comments
Comments
Give Quiz Kudos
Give Quiz Kudos
-
- Ratings
hide this ad
More Info
Replay
Link that replays current quiz
Next Quiz
Link to next quiz in quiz playlist
You Got
0%
They Got
Avg Score
39%
Avg Friend Score
Upgrade to see
Score Distribution
Jump to the score distribution portion of the page
Score
0/16
Timer
05:00
0
Plays Today
Movie
The .....?
% Correct
1972 movie with Marlon Brando, Al Pacino and James Caan.
Godfather
87.4%
1993 movie with Harrison Ford, Tommy Lee Jones and Sela Ward.
Fugitive
77.8%
1986 movie with Jeff Goldblum, Geena Davis and John Getz.
Fly
75.4%
1973 movie with Robert Redford, Paul Newman, and Robert Shaw.
Sting
74.9%
1993 movie with Tom Cruise, Jeanne Tripplehorn, and Gene Hackman.
Firm
54.5%
1997 movie with Michael Douglas, Sean Penn, and Deborah Kara Unger.
Game
51.5%
1961 movie with Paul Newman, Jackie Gleason and Piper Laurie.
Hustler
43.1%
2004 movie with Sarah Michelle Gellar, Jason Behr and Clea DuVall.
Grudge
33.5%
Movie
The .....?
% Correct
1982 movie with Kurt Russell, Wilford Brimley and Keith David.
Thing
31.1%
1926 movie with Buster Keaton, Marion Mack and Glen Cavender.
General
24%
1987 movie with Fred Savage, Luke Edwards and Jenny Lewis.
Wizard
21.6%
1996 movie with Demi Moore, Alec Baldwin and Joseph Gordon-
Levitt.
Juror
17.4%
1958 movie with Steve McQueen, Aneta Corsaut, and Earl Rowe.
Blob
13.8%
1979 movie with Michael Beck, James Remar and Dorsey Wright.
Warriors
10.8%
1953 movie with Richard Burton, Jean Simmons and Victor Mature.
Robe
9%
1972 movie with Robert Redford, Peter Boyle and Melvyn Douglas.
Candidate
7.8%
Quiz Playlist
Details
Report
Send in Message
Add To Playlist
More Info:
How many movies are called "The (whatever)"? All answers are one word that comes after "The" in the movie title. Good luck!
Classic:
Type in answers that appear in a list
Last Updated: Feb 16, 2017
Quiz Scoreboard
CHALLENGE
Sign Up to Join the Scoreboard
Show All
Scores
Hide
Comments
May contain spoilers
Recently Published
Image Sorting: Flags VI
by Barbecue
Geography
2m
Find the 'City' Movie
by crazypaving
Movies
60s
Colored Red Africa Blitz
by spor1
Geography
45s
More to Explore
Quiz From the Vault
Featured Blog Post
14 Easter Pick-up Lines to Find Eggs With
hide this ad
You Might Also Like...
Tags
Movie Titles Quiz
Today's Top Quizzes in Movies
Browse Movies
hide this ad
Today's Top Quizzes in Movie Titles
Browse Movie Titles
Top Contributed Quizzes in Movies
1
Find The 'Big' Movie
2
Find The 'Blue' Movie
3
Find The 'Wild' Movie
4
Movies By Plot
5
The ultimate James Bond movie quiz
6
Hidden Star Wars Character II
7
Pick 5 Posters: Directed by Spielberg
8
Hidden Star Wars Character III
9
Hidden Star Wars Character IV
10
25 Best Actor Nominees (1990s)
Explore More
Trending Topics
Harry Potter
Kpop
Disney
Anime
NBA
Marvel
Crossword
Puzzle
The Office
Country
Soccer
Pokémon
NFL
Song
WWE
hide this ad
More By:
scottiek
Quiz
Plays
Rating
Category
Featured
Created
The The Movie Game
167
3.00
Movies
Nov 9, 2010
Top Chefs from Top Chef
64
2.25
Television
Nov 24, 2010
Go to Creator's Profile
Score Distribution
Quiz Creator Spotlight
scottiek
Follow
Send a Message
Quizzes Created
-
Created Quiz Play Count
-
More By This Creator
Popular Quizzes Today
1
Colored Red Africa Blitz
2
Find the US States - No Outlines Minefield
3
Find the 'City' Movie
4
5x2 Blitz: Bands
5
The Countries of the World
6
Find the US States
7
Find the Countries of Europe - No Outlines Minefield
8
US States
More Movies Quizzes
Middle Names in Movies?
Published
Trending Quizzes
Colored Red Europe Blitz I
Colored Red Europe Blitz II
Colored Red Africa Blitz II
Colored Red Europe Blitz III
Colored Red Africa Blitz III
Recently Updated
How Do You Spell That?
pecheneg
Godzilla Movies
pecheneg
Grab Bag: 4-10 Letters
pecheneg
2024 March Madness Bracket
pecheneg
Famous TV Couples
Peacemaker
Champions League XIs: Real Madrid
pecheneg
Largest US Cities 1790-2010
pecheneg
Rides in Walt Disney World
pecheneg
Most Oscar Losses (Acting)
pecheneg
Beyoncé Albums
pecheneg
Trending Topics
Harry Potter
Crossword
Kpop
NBA
Disney
Marvel
Anime
Soccer
NFL
Song
Pokémon
Country
Puzzle
The Office
WWE
Your Account Isn't Verified!
In order to create a playlist on Sporcle, you need to verify the email address you used during registration. Go to your
Sporcle Settings
to finish the process.
Report this User
Report this user for behavior that violates our
Community Guidelines
.
Details:
Send Report
Go to the Sporcle.com Mobile Site →
Comments